01139nas a2200289 4500001001300000003000900013005001700022007000300039008003400042040005400076041000900130072000800139100001900147100001800166100001700184100003000201245010200231246012000333650001800453650001800471650002200489773010400511909004000615942001800655999001900673952015700692BR2011005343BR-BrBNA20231205115611.0ta230509b bl.|||p| |||| 00| 00por d aBR-BrBNAbporcBiblioteca Nacional de Agricultura a(Pt) aM401 aSouza, G.S. de1 aKoening, M.L.1 aLeça, E.E.1 aCoêlho, M. de P.C.de A.1 aDiatomáceas indicadoras de paleoambientes do Quaternário de Dois Irmãos, Recife, PE, Brasil1 aDiatoms as indicators of paleoenvironments during the Quaternary at Dois Irmãos, Recife, Pernambuco State, Brazil aESTRATIGRAFIA aPALEONTOLOGIA aPLANTA INDICADORA0 tActa Botanica Brasilica (Brazil)xISSN 0102-3306g(Jul-Set 2007), v. 21(3) p. 521-529wBR2011005343 a202311bLúciac55dLúcia Elande 2AGRISn0cANA c214716d214716 002AGRIS4071a41918b41918cPeriódicos Agrícolash(Jul-Set 2007), v. 21(3) p. 521-529l0r2023-11-29t01yCRePortaria Interministerial nº 164/94